Tous les personnages de Naruto - Statistiques

Statistiques générales
  • Ce quiz a été pris 1 040 fois
  • Le résultat moyen est 83 sur 160
Statistiques - réponses
Village Indice Ninja % Correct
Konoha Equipe Kakashi / Hôte de Kyubi / 7ème Hokage Naruto Uzumaki
100%
Konoha Equipe 7 / Taka / Déserteur Sasuke Uchiwa
99%
Konoha Equipe Kakashi Sakura Haruno
98%
Konoha Equipe Kakashi / 6ème Hokage Kakashi Hatake
97%
Konoha Equipe Gai Lee Rock
97%
Kumo 3ème Raikage | 4ème Raikage A
96%
Konoha Equipe Asuma Choji Akimichi
96%
Konoha Equipe Gai Gai Maito
96%
Konoha Equipe Kurenaï Hinata Hyuga
96%
Kumo Team A Shi
96%
Konoha Equipe Asuma Shikamaru Nara
96%
Konoha Equipe Gai Tenten
96%
Konoha Equipe Asuma Asuma Sarutobi
95%
Konoha Equipe Asuma Ino Yamanaka
95%
Konoha Equipe Kurenaï Kurenai Yuhi
95%
Konoha Equipe Gai Neji Hyuga
95%
Konoha Equipe Kurenaï Kiba Inuzuka
92%
Konoha Equipe Kurenaï Shino Aburame
92%
Konoha 5ème Hokage / Sanin Tsunade Senju
90%
Konoha Equipe Ebisu Ebisu
89%
Konoha Equipe Kurenaï / Animal Akamaru
88%
Konoha Akatsuki Tobi/Obito
88%
Konoha Equipe Ebisu Konohamaru Sarutobi
87%
Oto Sanin / Akatsuki Orochimaru
86%
Konoha Akatsuki Itachi Uchiwa
85%
Konoha 4ème Hokage / Hôte de Kyubi Minato Namikaze
85%
Suna 5ème Kazekage / Equipe Baki / Hôte de Ichibi Gaara
84%
Konoha Jõnin Dan Katô
83%
Konoha 1er Hokage / Fondateur de Konoha Hashirama Senju
82%
Konoha Anbu Racine / Equipe 7 Saï
82%
Konoha Déserteur / Fondateur de Konoha Madara Uchiwa
81%
Konoha 2ème Hokage Tobirama Senju
80%
Ame Akatsuki Yahiko/Pain
80%
Konoha Chunin / Hôte de Sanbi Rin Nohara
79%
Kiri 7 Epéistes Légendaire Zabuza Momochi
79%
Suna Equipe Baki / Jonin Temari
78%
Konoha Chef Anbu Racine Danzo Shimura
77%
Iwa Akatsuki Deidara
77%
Konoha 3ème Hokage Hiruzen Sarutobi
77%
Kiri Akatsuki Kisame Hoshigaki
77%
Konoha Chunin / Professeur Iruka Umino
74%
Ame Akatsuki Konan
74%
Suna Akatsuki Sasori
74%
Kiri Acolyte de Zabuza Haku Yuki
73%
Oto Jonin / Acolyte de Orochimaru Kabuto Yakushi
73%
Suna Equipe Baki / Jonin Kankuro
73%
Konoha Kyubi Kurama
73%
Ame Akatsuki Nagato
72%
Konoha Hôte de Kyubi Kushina Uzumaki
71%
Yu Akatsuki Hidan
70%
Kumo Hôte de Hachibi Killer Bee
69%
Ōtsutsuki La matriarche du Clan Ōtsutsuki Kaguya Ōtsutsuki
68%
Taki Akatsuki Kakuzu
67%
Kusa Déserteur / Taka Karin
67%
Kiri 5ème Mizukage Mei Terumi
67%
Oto Taka Jugo
66%
Konoha Anbu Racine / Team Danzo Fû Yamanaka
65%
Iwa Hôte de Gobi Han
64%
Kiri Taka / Déserteur Suigetsu Hôzuki
64%
??? Akatsuki Zetsu
64%
Suna Equipe Baki / Jonin Baki
63%
Konoha Anbu Yamato
62%
Konoha Equipe Ebisu Moegi Kazamasturi
61%
Iwa 3ème Tsuchikage Onoki
61%
Konoha Equipe Ebisu Udon Ise
60%
Kumo Equipe Samui Samui
59%
Suna Ancienne Chiyo
56%
Ōtsutsuki L'Ermite Rikudo Hagoromo Ōtsutsuki
56%
Iwa Yonbi Son Goku
56%
Kumo Team A / 5ème Raikage Darui
54%
Ame Ancien Chef d'Ame Hanzo de la Salamandre
54%
Ōtsutsuki Ancêtre du clan Uchiwa Indra Ōtsutsuki
54%
Konoha Croc Blanc de Konoha Sakumo Hatake
54%
Suna Ichibi Shukaku
54%
Konoha Sanin Jiraiya
53%
Kiri Hôte de Rokubi Utakata
53%
Konoha Hôte de Kyubi Mito Uzumaki
51%
Kumo Nibi Matatabi
50%
Kiri 4ème Mizukage / Hôte de Sanbi Yagura
50%
Konoha Jōnin spécialisés Anko Mitarashi
49%
Kumo Equipe Samui Omoi
49%
Konoha Jōnin Shikaku Nara
49%
Konoha Jōnin spécialisés Ibiki Morino
48%
Oto Quintet du Son Kimimaro Kaguya
48%
Iwa 2ème Tsuchikage Mu
48%
Konoha Jōnin Inoichi Yamanaka
47%
Kumo Equipe Samui Karui
47%
Konoha Jōnin Chozâ Akimichi
46%
Ōtsutsuki Ancêtre du Clan Senju et Uzumaki Asura Ōtsutsuki
45%
Oto Quintet du Son Tayuya
45%
Kiri Team Mei / 6ème Mizukage Chôjûrô
44%
Oto Quintet du Son Jirobo
44%
Oto Quintet du Son Sakon/Ukon
44%
Kumo Hachibi Gyuki
42%
Pays du Fer Chef du Sommet des Kages Mifune
42%
Kumo Hôte de Nibi Yugito Nii
42%
Kiri Team Mei Ao
41%
Taki Nanabi Chomei
41%
Kiri Sanbi Isobu
41%
Konoha Frère du Fondateur de Konoha Izuna Uchiwa
41%
Oto Genin Kin Tsuchi
41%
Konoha Jōnin Shizune
41%
Kiri Rokubi Saiken
40%
Suna 4ème Kazekage Rasa
39%
Iwa Hôte de Yonbi Roshi
39%
Iwa Gobi Kokuo
38%
Konoha Jōnin spécialisés Hayate Gekkô
37%
Oto Quintet du Son Kidomaru
37%
Konoha Jōnin Shisui Uchiwa
37%
Konoha Jōnin Fugaku Uchiwa
36%
Konoha Jōnin spécialisés Genma Shiranui
36%
Konoha Vétérinaire Hana Inuzuka
34%
Ōtsutsuki Fils de la princesse Kaguya Hamura Ōtsutsuki
33%
Iwa Team Onoki / 4ème Tsuchikage Kurotsuchi
33%
Kumo Déserteur Ginkaku
31%
Kumo Déserteur Kinkaku
31%
Taki Hôte de Nanabi Fuu
30%
Iwa Team Onoki Akatsuchi
29%
Kiri 2ème Mizukage Gengetsu Hôzuki
29%
Konoha Jōnin Hiashi Hyuga
29%
Konoha Anbu Racine / Team Danzo Torune Aburame
29%
Konoha Ichiraku Teuchi
28%
Konoha Jōnin Hizashi Hyuga
27%
Konoha Chunin Kotetsu Hagane
27%
Kiri 7 Epéistes Légendaire Mangetsu Hôzuki
27%
Konoha Jōnin Shibi Aburame
27%
Konoha Ichiraku Ayame
24%
Konoha Genin Hanabi Hyuga
24%
Konoha Chunin Izumo Kamizuki
24%
Konoha Jōnin spécialisés Aoba Yamashiro
22%
Oto Genin Dosu Kinuta
21%
Konoha Chunin Mizuki Tôji
20%
Konoha Anciens Homura Mitokado
19%
Konoha Ancienne Koharu Loolkj
19%
Oto Genin Zaku Abumi
19%
Kiri 7 Epéistes Légendaire Ameyuri Ringo
17%
Konoha Genin Nawaki
17%
Suna Jonin / Réincarnation Pakura
17%
Kiri 7 Epéistes Légendaire Jinpachi Munashi
16%
Konoha Jōnin Tsume Inuzuka
16%
Kiri 1er Mizukage Byakuren
15%
Suna Ancien Ebizô
15%
Kumo Secrétaire du 4ème Raikage Mabui
14%
Konoha Jōnin spécialisés Raidô Namiashi
14%
Kiri 7 Epéistes Légendaire Jinin Akebino
13%
Kiri 7 Epéistes Légendaire Kushimaru Kuriarare
13%
Konoha Anbu Yûgao Uzuki
12%
Iwa 2ème Divison Kitsuchi
11%
Konoha Unité de Décryptage Shiho
11%
Oto Genin Yoroï Akadô
11%
Suna Ancien / Hôte de Ichibi Bunpuku
7%
Suna Chunin Matsuri
7%
Iwa Unité de décryptage / Réincarnation Gari
6%
Oto Genin Misumi Tsurugi
5%
Konoha Jōnin spécialisés Muta Aburame
5%
Pays du Fer Samouraïs Okisuke
3%
Kiri 7 Epéistes Légendaire Fuguku Suikazan
2%
Kumo 4ème Divison Dadoï
1%
Pays du Fer Samouraïs Tatewaki
1%
Aucun quiz correspondant
Distribution des résultats
% des personnes avec chaque résultat
Percentile par nombre de réponses
Votre historique - résultats
Vous n’avez pas pris ce quiz